00881nam a22002411 450000100060000000300080000600500170001400800410003103500190007204000320009104100080012308200240013110000270015524501120018226000410029430000490033550000310038450400200041565000250043594200120046099900170047295201500048923443BD-RjUL20211209000930.0140310s1961 enka 001 0 eng d a(BD-RjUL)23508 aDLCcDLCdDLCdBD-RjULbeng aeng00a572.96765bKEF 19611 aKenyatta, Jomo.97220110aFacing Mount Kenya :bthe tribal life of Gikuyu /cby Jomo Kenyatta, with an introduction by B. Malinowski. aLondon :bSecker and Warburg,c1961. axxv, [1], 339 p.billus. (incl. map)c23 cm. a"First published in 1938." aIncludes index. 0aKikuyu tribe.972202 2ddccBK c23443d23443 00102ddc40728NFICaRUCLbRUCLcReadingd1963-05-22eMohiuddin & Sons.g10.19l0o572.96765 KEF 1961r2014-03-10 00:00:00tC-1w2014-03-10yBK